| 000 | 00957cam a22002771 4500 | ||
|---|---|---|---|
| 001 | sa 67004833 | ||
| 003 | DLC | ||
| 005 | 20260227112351.0 | ||
| 008 | 870411s1965 ii ac 000 0 hin | ||
| 010 | _asa 67004833 | ||
| 035 | _a(OCoLC)15517101 | ||
| 040 |
_aDLC _cNRU _dNRU _dDLC |
||
| 042 | _apremarc | ||
| 050 | 0 | 0 |
_aDS479.1.L27 _bM6 |
| 100 | 0 |
_aMohana Lāla, _d1899- |
|
| 245 | 1 | 0 |
_aLāla Lajapatarāya: jīvana aura kārya. _cLekhaka Mohanalāla. |
| 250 | _a[1. saṃskaraṇa] | ||
| 260 |
_aHośiārapura [Bhārat] _bViśveśvarānanda Vaidika Śodha Saṃsthāna, _c1965. |
||
| 300 |
_a159 p. _billus., ports. _c19 cm. |
||
| 490 | 1 |
_aSarvadānanda viśva granthamālā, _v50 |
|
| 490 | 1 |
_aViśveśvarānanda Saṃsthāna prakāśana, _v358 |
|
| 500 | _aIn Hindi. | ||
| 600 | 0 | 0 |
_aLajpat Rai, _cLala, _d1865-1928. |
| 830 | 0 |
_aSarvadānanda-viśva-granthamālā ; _v50. |
|
| 830 | 0 |
_aVishveshvaranand Vedic Research Institute publication ; _v358. |
|
| 999 |
_c74796 _d74796 |
||